00718nam a2200229 ar4500001000500000005001700005006001900022008004100041090000900082245011400091260001000205300004600215500003200261504003100293526002100324563001600345650004200361650002100403650002300424700002600447999001500473445020221127090946.0a a 000 0 160202 su a | 000 0|eng d aSP-V00aVirtual network function implementation for software defined-networks /cby Abdullah Al Khudair ... [et al.]. c2015. avii, 82 leaves :billustrations ;c30 cm. aSupervisor: Dr. Adeel Baig. aIncludes bibl. references.0 aStudent project. aHard bound. 4aComputer networksxSecurity measures. 4aData protection. 4aComputer software.0 aAl Khudair, Abdullah. c4448d4448